000 03055cam a22011894i 4500
003 PE-LiUPU
005 20250813185441.0
008 150623s1995 miu r 000 0 eng d
035 _a(Sirsi) a25838
040 _aPE-LiUPU
_bspa
_cPE-LiUPU
_erda
049 _aPRUA
082 0 4 _a391.4
_bB12
_221
100 1 _aBacchiocchi, Samuele,
_eautor.
245 1 0 _aChristian dress :
_badornment /
_cSamuele Bacchiocchi.
264 1 _aBerrien Springs, Michigan :
_bBiblical Perspectives,
_c1995.
300 _a206 páginas ;
_c23 centímetros.
336 _atext
_2rdacontent
337 _aunmediated
_2rdamedia
338 _avolume
_2rdacarrier
490 0 _aBiblical perspectives ;
_v10
505 0 _aThe importance of outward appearance -- Dress and ornaments in the old testament -- Dress and ornaments in the New Testament -- Dress and ornaments in christian history -- A look at the wedding ring. Unisex Clothes -- Principles of christian dress and adornment -- A practical look at a christian's Clothing. Cloting men of the cloth.
526 _aP202
526 _aP201
526 _aP163
526 _aP162
526 _aP161
526 _aP160
526 _aP148
526 _aP147
526 _aP146
526 _aP145
526 _aP144
526 _aP143
526 _aP142
526 _aP141
526 _aP140
526 _aP139
526 _aP138
526 _aP137
526 _aP136
526 _aP135
526 _aP134
526 _aP133
526 _aP129
526 _aP128
526 _aP127
526 _aP120
526 _aP119
526 _aP118
526 _aP116
526 _aP115
526 _aP114
526 _aP110
526 _aP109
526 _aP108
526 _aP104
526 _aP103
526 _aP102
526 _aP99
526 _aP98
526 _aP97
526 _aP96
526 _aP95
526 _aP93
526 _aP90
526 _aP89
526 _aP88
526 _aP83
526 _aP82
526 _aP62
526 _aP59
526 _aP58
526 _aP57
526 _aP51
526 _aP49
526 _aP48
526 _aP47
526 _aP29
526 _aP24
526 _aP20
526 _aP19
526 _aP17
526 _aP15
526 _aP14
526 _aP12
526 _aP10
526 _aP09
526 _aP08
526 _aP07
526 _aP06
526 _aP05
526 _aP04
526 _aP01
650 0 4 _aVestidos y accesorios.
650 0 4 _aVestidos y accesorios
_xAntiguo testamento.
942 _2ddc
_cBOOK
949 _a391.4 B12
_wDEWEY
_c1
_i51108
_lCCODEBUL1
_mBUL
_p10.00
_r0
_sY
_tBOOK
_u2015-06-24
_xTEOLOGIA
_PP35
_0COMPRA
_o.STAFF. Colección General
994 _aC0
_bPEPRU
596 _a1
999 _a391.4 B12
_wDEWEY
_c32803
_i51108
_f2021-11-11
_g5
_lCCODEBUL1
_mBUL
_p10.00
_r0
_sY
_tBOOK
_u2015-6-24
_xTEOLOGIA
_PP35
_0COMPRA
_o.STAFF. Colección Teología
_d32803
980 _81
_gALBERTO SANCHEZ Responsable de Automatización